000 00975nam a22003137a 4500
003 CHAP
005 20220329135617.0
008 971013s1910 r 00010 d
010 _a39276
011 _a40248
035 _a44373
040 _cCHAP
090 _aFolleto 6041
110 _aEstación Agrícola Experimental de San Juan Bautista, Tab.
_938211
245 _aApuntes sobre el cultivo del cacahuate
260 _aMéxico, D. F. :
_bSecretaría de Fomento,
_c1910
300 _a13 p.
490 _aBoletín
_v; 6
590 _aBATCH-UPD
_b10
_c20130110
_lUCH01
_h1703
590 _aBATCH-UPD
_b10
_c20130410
_lUCH01
_h1050
590 _aBATCH-UPD
_b10
_c20130914
_lUCH01
_h0650
590 _aBATCH-UPD
_b10
_c20130914
_lUCH01
_h2132
590 _aCONVERSION
_b10
_c20130109
_lUCH01
_h1322
650 1 4 _aCacahuate
_xMéxico.
_916889
830 0 _aBoletín
_v; 6
_913507
901 _aBK
942 _cFOLL
949 _aFolleto 6041
_bBC
_cBPP
_d-101685
_eBPP
_i44373
_mD
_si
999 _c39276
_d39276